| 000 | 00709nam a2200205 i 4500 | ||
|---|---|---|---|
| 001 | 187148 | ||
| 003 | ES-MaACL | ||
| 005 | 20240127063015.0 | ||
| 008 | 170424s1922 gw |||| | ger d | ||
| 080 | _a821.131.1-13"12" | ||
| 100 | 0 |
_aDante Alighieri, _d1265-1321 _942657 |
|
| 245 | 1 | 0 |
_aDantes Commedia deutsch / _cvon Hans Geisow. |
| 250 | _a7ª Aufl. | ||
| 260 |
_aStuttgart : _bWalter Hädecke, _c1922. |
||
| 300 |
_a533 p. ; _c21 cm. |
||
| 600 | 0 | 4 |
_aDante Alighieri, _d1265-1321. _tLa divina commedia _9175737 |
| 700 | 1 |
_aGeisow, Hans. _9162442 |
|
| 852 |
_aES-MaACL _jL-31477 _z- Enc. hol. _z- Donat. herederos de la bibl. de Mª del Pilar Costa Palacín |
||
| 999 |
_c187148 _d187148 |
||